logo

Bir Sreshtho Munshi Abdur Rouf Library
Jhenaidah Cadet College

প্রাচীন বাংলার ইতিহাস ও সংস্কৃতি / (Record no. 770)

MARC details
000 -LEADER
fixed length control field 00850nam a2200241 a 4500
001 - CONTROL NUMBER
JCCL Control Number 770
003 - CONTROL NUMBER IDENTIFIER
JCCL marc code BD-JhCC
005 - DATE AND TIME OF LATEST TRANSACTION
control field 20190725134016.0
008 - FIXED-LENGTH DATA ELEMENTS--GENERAL INFORMATION
fixed length control field 171009s2009 bg a|||| |||| 000 0 ben d
020 ## - INTERNATIONAL STANDARD BOOK NUMBER
International Standard Book Number 9847015600747
035 ## - SYSTEM CONTROL NUMBER
system control number (BD-JhCC) 770
040 ## - CATALOGING SOURCE
Original cataloging agency BD-JhCC
Modifying agency BD-JhCC
041 ## - LANGUAGE CODE
Language code of Book ben
082 ## - DEWEY DECIMAL CLASSIFICATION NUMBER
Classification number 305.80095414
Author mark and Year CHU 2009
DDC Edition number 23
100 ## - MAIN ENTRY--PERSONAL NAME
Personal name চৌধুরী, আবদুল মমিন
245 ## - TITLE STATEMENT
Title প্রাচীন বাংলার ইতিহাস ও সংস্কৃতি /
Statement of responsibility, etc আবদুল মমিন চৌধুরী,
260 ## - PUBLICATION, DISTRIBUTION, ETC. (IMPRINT)
Place of publication, distribution, etc ঢাকা :
Name of publisher, distributor, etc মাওলা ব্রাদার্স,
Date of publication, distribution, etc ২০০৯.
300 ## - PHYSICAL DESCRIPTION
Pagination ১৫২ পৃ. :
Dimensions ২২ সেমি.
504 ## - BIBLIOGRAPHY, ETC. NOTE
Bibliography, etc Includes Bibliography Reference
650 ## - SUBJECT ADDED ENTRY--TOPICAL TERM
Topical term or geographic name as entry element Bengali Literature
General subdivision History & Culture
942 ## - ADDED ENTRY ELEMENTS (KOHA)
Source of classification or shelving scheme Dewey Decimal Classification
Koha item type Books
Koha issues (borrowed), all copies 2
Holdings
Source of classification or shelving scheme Damaged status Not for loan Home library Current library Shelving location Date of accession Cost, normal purchase price Total Checkouts Full call number Barcode Date last seen Date checked out Copy number Koha item type Source of acquisition
Dewey Decimal Classification     JCC Rouf Library JCC Rouf Library General Stacks 10/09/2017 175.00 1 305.80095414 CHU 2009 1723 07/25/2019 07/24/2019 C-1 Books  
Dewey Decimal Classification     JCC Rouf Library JCC Rouf Library General Stacks 10/12/2017 175.00   305.80095414 CHU 2009 1944 10/12/2017   C-2 Books Zahedee Foundation

JCC Library | Contacts | JCC Home

Last Update on 23 September 2017
Copyright @ 2017-2020 JCC Rouf Library
Rouf Library, Jhenidah Cadet College (JCC), Bangladesh